IL palazzo dell universita di Genova: il collegio dei gesuiti nella strada dei Balbi

Na minha lista:
Detalhes bibliográficos
Main Authors: Lamera, Federica (Author), Pigafetta, Giorgo (Author)
Formato: Livro
Idioma:Língua italiana
Publicado em: Génova Universita Dgli Studi di Genova 1987
Assuntos:
Tags: Adicionar Tag
Sem tags, seja o primeiro a adicionar uma tag!

MARC

LEADER 00000nam a2200000 a 4500
001 UCI3868
003 CL-VaPUC
008 071130e19870000IT |||||||||||||||||ita|d
082 0 4 |a 724.19  |b LAM  |2 21 
100 0 |a Lamera, Federica  |e author  |9 525401 
700 0 |a Pigafetta, Giorgo  |e author  |9 525402 
245 1 0 |a IL palazzo dell universita di Genova: il collegio dei gesuiti nella strada dei Balbi 
300 |a 494 p 
942 |c BK 
945 |d 20071130 00:00:00  |a jtorresc 
260 |a Génova  |b Universita Dgli Studi di Genova  |c 1987 
650 0 |a Arquitectura barroca   |9 266043 
650 0 |a Arte religioso  |9 330545 
650 0 |a Monumentos  |9 265246 
650 0 |a Edificios   |9 260501 
650 0 |a Viviendas   |9 255326 
650 0 |a Diseño arquitectónico   |9 265271 
583 |a last modification  |c 20071130 00:00:00  |k Rodrigo Vera 
999 |c 327912  |d 327910 
952 |0 0  |1 0  |4 0  |6 724_190000000000000_LAM_1987  |7 0  |8 A  |9 411465  |a BIBARQ  |b BIBARQ  |d 2019-11-22  |i 4392450  |o 724.19 LAM 1987  |p 4392450  |r 2025-01-20  |w 2019-11-22  |y BK  |k ARQ